Basic Words - M - Statistics

General Stats
  • This quiz has been taken 32 times
  • The average score is 9 of 10
Answer Stats
Hint Answer % Correct
Drink produced by cows Milk
100%
Loves swinging on trees and eating bananas Monkey
100%
Body part used for talking and eating Mouth
100%
Little rodent that likes cheese Mouse
96%
Fourth planet from the sun Mars
93%
Piece of paper with directions Map
89%
Very big rocky landform Mountain
89%
Deer with massive antlers Moose
86%
Big space rock apparently made of cheese Moon
82%
Orange fruit cut into squares Mango
68%
No matching quizzes found
Score Distribution
Percent of People with Each Score
Percentile by Number Answered
Your Score History
You have not taken this quiz